| 000 | 00931cam a2200253 4500 | ||
|---|---|---|---|
| 001 | 3004 | ||
| 003 | FISKH | ||
| 005 | 20240130140818.0 | ||
| 008 | 730410s1958 mau j 000 1 eng | ||
| 010 | _a 58011063 | ||
| 020 | _a071009003507 | ||
| 040 |
_aDLC _cDLC _dDLC _beng |
||
| 050 | 0 | 0 |
_aPZ7.S7376 _bWi |
| 082 | _a813.54 | ||
| 100 | 1 | _aSpeare, Elizabeth George. | |
| 245 | 1 | 4 |
_aThe witch of Blackbird Pond / _cElizabeth George Speare |
| 250 | _aThis edition published in 2006 | ||
| 260 |
_aNew York : _bYearling Books, _c1958 |
||
| 300 |
_a249 pages : _c20 cm |
||
| 520 | _aIn 1687 in Connecticut, Kit Tyler, feeling out of place in the Puritan household of her aunt, befriends an old woman considered a witch by the community and suddenly finds herself standing trial for witchcraft. | ||
| 650 |
_aHistorical Fiction _vJuvenile Literature |
||
| 906 |
_a7 _bcbc _corignew _du _eocip _f19 _gy-gencatlg |
||
| 942 |
_2ddc _cBK _n0 |
||
| 999 |
_c3004 _d3004 |
||